MEXICO ANGUSTIA DE SUS CRISTOS

Salvato in:
Dettagli Bibliografici
Ente Autore: Rozière, Sonia de La
Natura: Libro
Tags: Aggiungi Tag
Nessun Tag, puoi essere il primo ad aggiungerne!!

MARC

LEADER 00000nam^a2200000^a^4500
001 000211936
005 20250521000000.0
009 20260310103440.316
035 |a 022260 
037 |a Acervo Xavier Clavigero 
082 |a 702. 1  |b ROZ 
110 |a Rozière, Sonia de La 
245 1 0 |a MEXICO ANGUSTIA DE SUS CRISTOS 
264 |a México :  |b INAH,  |c 1967 
336 |a texto  |b txt  |2 rdacontenido 
337 |a sin mediación  |b n  |2 rdamedio 
338 |a volumen  |b nc  |2 rdasoporte 
649 |a XX 
910 |a Fondo General 
920 |a Impresos - Libros 
930 |a Colección General 
905 |a 101 
901 |a 022260  |b IT1  |c ACC  |i 022260  |u 20250521 
902 |a https://opac.biblio.iteso.mx/vufind/Record/000211936